书目信息 |
| 题名: |
神秘的镜像神经元
|
|
| 作者: | 希科克 著 ;李婷燕 译 | |
| 分册: | ||
| 出版信息: | 杭州 浙江人民出版社 2016 |
|
| 页数: | 259页 | |
| 开本: | 23cm | |
| 丛书名: | ||
| 单 册: | ||
| 中图分类: | B842.1 | |
| 科图分类: | ||
| 主题词: | 元认知--yuan ren zhi--研究 | |
| 电子资源: | ||
| ISBN: | 978-7-213-07687-9 | |
| 000 | 01652nam0 22002891 450 | |
| 001 | 1759793769 | |
| 005 | 20170603153356.0 | |
| 010 | @a978-7-213-07687-9@dCNY59.90 | |
| 100 | @a20170123d2016 em y0chiy50 ea | |
| 101 | 1 | @achi@ceng |
| 102 | @aCN@b330000 | |
| 105 | @aa z 000yy | |
| 106 | @ar | |
| 200 | 1 | @a神秘的镜像神经元@Ashen bi de jing xiang shen jing yuan@dThe myth of mirror neurons@f(美)格雷戈里·希科克(Gregory Hickok)著@g李婷燕译@zeng |
| 210 | @a杭州@c浙江人民出版社@d2016 | |
| 215 | @a259页@c图@d23cm | |
| 300 | @a心视界 | |
| 305 | @a本书中文简体字版由作者委托Levine Greenberg Rostan Literary Agency授权在中华人民共和国境内独家出版发行 | |
| 314 | @a格雷戈里·希科克 (Gregory Hickok),男,师从著名心理学家和畅销书作者史蒂芬·平克,现任美国加州大学欧文分校的认知科学教授,主管该校的语言科学中心及听觉和语言神经科学实验室。创立了私人博客“会说话的大脑”,讨论各类有关语言和神经科学的话题。 | |
| 330 | @a在《神秘的镜像神经元》中,神经科学家格雷戈里·希科克回顾了镜像神经元理论从萌芽到流行的全过程,对其进行了大胆质疑,并提出了自己的新解释。这些理论探讨阐明了有关人类认知及大脑功能的关键问题:为什么人类如此频繁而大量地进行模仿?要理解言语,我们必须具备说话的能力吗?自闭症到底是哪里出了问题?人类能够进行心智解读吗?从发现问题到创建理论再到修订理论,展现了科学在曲折中前行的发展进程,并就人类大脑的组织和功能、沟通及认知的本质进行了深入的阐述。 | |
| 510 | 1 | @aMyth of mirror neurons@zeng |
| 606 | 0 | @a元认知@Ayuan ren zhi@x研究 |
| 690 | @aB842.1@v5 | |
| 701 | 0 | @c(美)@a希科克@Axi ke ke@c(Hickok, Gregory)@4著 |
| 702 | 0 | @a李婷燕@Ali ting yan@4译 |
| 801 | 0 | @aCN@bTANGWEI@c20170518 |
| 905 | @b1007760-5@dB842.1@e1808@f6 | |
| 神秘的镜像神经元=The myth of mirror neurons/(美)格雷戈里·希科克(Gregory Hickok)著/李婷燕译.-杭州:浙江人民出版社,2016 |
| 259页:图;23cm |
| 心视界 |
| ISBN 978-7-213-07687-9:CNY59.90 |
| 在《神秘的镜像神经元》中,神经科学家格雷戈里·希科克回顾了镜像神经元理论从萌芽到流行的全过程,对其进行了大胆质疑,并提出了自己的新解释。这些理论探讨阐明了有关人类认知及大脑功能的关键问题:为什么人类如此频繁而大量地进行模仿?要理解言语,我们必须具备说话的能力吗?自闭症到底是哪里出了问题?人类能够进行心智解读吗?从发现问题到创建理论再到修订理论,展现了科学在曲折中前行的发展进程,并就人类大脑的组织和功能、沟通及认知的本质进行了深入的阐述。 |
| ● |
| 相关链接 |
|
|
|
|
正题名:神秘的镜像神经元
索取号:B842.1/1808
 
预约/预借
| 序号 | 登录号 | 条形码 | 馆藏地/架位号 | 状态 | 备注 |
| 1 | 1007760 | 210077600 | 第一样本阅览室/ [索取号:B842.1/1808] | 在馆 | |
| 2 | 1007761 | 210077619 | 教育系资料室/ [索取号:B842.1/1808] | 在馆 | |
| 3 | 1007762 | 210077628 | 教育系资料室/ [索取号:B842.1/1808] | 在馆 | |
| 4 | 1007763 | 210077637 | 教育系资料室/ [索取号:B842.1/1808] | 在馆 | |
| 5 | 1007764 | 210077646 | 第一借阅区/ [索取号:B842.1/1808] | 在馆 | |
| 6 | 1007765 | 210077655 | 第一借阅区/ [索取号:B842.1/1808] | 在馆 |